00293nam a2200121Ia 4500008004100000020002200041041001200063100001900075245003600094260002500130300000800155650000800163221220s9999 xx 000 0 und d a978-93-82676-40-9 aEnglish aG. P. Tripathi 0aLegal Methodcby G. P. Tripathi bCLPaAllahabadc2021 a740 aLaw